Sports Quiz

Random Sports or MLB Quiz
Score 0/20 Timer 10:00
0 Plays Today
Year - League Player % Correct
2003 - AL WestAlex Rodriguez
85.4%
2002 - AL WestAlex Rodriguez
85.4%
2001 - AL WestAlex Rodriguez
85.4%
2000 - NL CentralSammy Sosa
80.5%
1987 - NL EastAndre Dawson
79.9%
1952 - NLRalph Kiner
77.4%
1950 - NLRalph Kiner
77.4%
1947 - NL*Ralph Kiner
77.4%
2015 - NL WestNolan Arenado
73.8%
1935 - ALJimmie Foxx
59.8%
Year - League Player % Correct
1927 - NLCy Williams
59.8%
1923 - NLCy Williams
59.8%
1920 - NLCy Williams
59.8%
1959 - ALHarmon Killebrew
59.1%
1982 - NL EastDave Kingman
57.9%
2008 - AL CentralMiguel Cabrera
53.7%
1970 - AL WestFrank Howard
40.9%
1968 - ALFrank Howard
40.9%
1957 - ALRoy Sievers
25%
1935 - NLWally Berger
18.3%
Remove Ads.
Support Sporcle.
Get the best of Sporcle when you Go Orange. This ad-free experience offers more features, more stats, and more fun while also helping to support Sporcle. Thank you for becoming a member.

You're not logged in!

Compare scores with friends on all Sporcle quizzes.
OR
Log In

Show Comments

Extras

Top Quizzes Today


Score Distribution

Your Account Isn't Verified!

In order to create a playlist on Sporcle, you need to verify the email address you used during registration. Go to your Sporcle Settings to finish the process.

Report this User

Report this user for behavior that violates our Community Guidelines.

Details: